000 00850nam a2200229Ii 4500
003 JO-AjNU
008 230605s9999||||xx |||||||||||||| ||und||
017 _a2012/6/1846
020 _a978-9957-49-043-0
040 _aJO-AjNU
_bara
_erda
_cJO-AjNU
041 _aara
050 1 4 _aPJ9599 2013
100 3 _aفريحات، مريم جبر,
_eauthor
_948824
245 0 0 _aالبوليفونية في الرواية العربية ودراسات أخرى
264 3 1 _aعمان: وزارة الثقافة، 2013
300 _a213ص
336 _atext
_btxt
_2rdacontent
337 _aunmediated
_bn
_2rdamedia
338 _avolume
_bnc
_2rdacarrier
490 0 _aاصدارات عجلون مدينة الثقافة الاردنية؛ 2013
650 4 _aالرواية البوليفونية - الرواية العربية - مقارنات
_948825
999 _aA21407
_c24975
_d24975